Právne formy podnikania v anglicky hovoriacich krajinách

Problematika právnych foriem je špecifická pre každú krajinu. V anglicky hovoriacich krajinách je možné nájsť rôzne odlišnosti v terminológii, ktoré vyplývajú z legislatívy, alebo z hľadiska vývoja. Charakteristika jednotlivých právnych foriem: Business corporation, Public limited company, Incorpora...

Description complète

Enregistré dans:
Détails bibliographiques
Auteur principal: Kováčová, Eva
Format: Chapitre de livre
Langue:slovaque
Sujets:
Tags: Ajouter un tag
Pas de tags, Soyez le premier à ajouter un tag!

MARC

LEADER 00000nla$a2200000$$$4500
001 0068064
005 20240502071822.8
041 0 |a slo 
044 |a SK 
245 1 0 |a Právne formy podnikania v anglicky hovoriacich krajinách  |c Eva Kováčová 
520 |a Problematika právnych foriem je špecifická pre každú krajinu. V anglicky hovoriacich krajinách je možné nájsť rôzne odlišnosti v terminológii, ktoré vyplývajú z legislatívy, alebo z hľadiska vývoja. Charakteristika jednotlivých právnych foriem: Business corporation, Public limited company, Incorporated company, Private limited company, Sole trader, Partnership, atď. 
610 2 0 |a podnikanie 
610 2 0 |a podnik 
610 2 0 |a osoby právnické 
610 2 0 |a spoločnosti akciové 
610 2 0 |a spoločnosti s r.o. 
610 2 0 |a formy podnikov 
100 1 |a Kováčová, Eva